Departamento de Investigaciones en Café: Treinta años al servicio de la caficultura costarricense

Enregistré dans:
Détails bibliographiques
Collectivité auteur: Costa Rica. Ministerio de Agricultura y Ganadería. Dirección de Investigaciones Agrícolas
Format: Texte
Publié: San José: MAG
Sujets:
Tags: Ajouter un tag
Pas de tags, Soyez le premier à ajouter un tag!

MARC

LEADER 00000 a a2200000 04500
001 15069
003
040
090 |a 027900  
110 |a Costa Rica. Ministerio de Agricultura y Ganadería. Dirección de Investigaciones Agrícolas  
245 |a Departamento de Investigaciones en Café: Treinta años al servicio de la caficultura costarricense  
260 |a San José:   |b MAG  
300 |a 3; 28 p.  
650 |a INVESTIGACION AGRICOLA  
650 |a CAFE  
999 |c 1427  |d 1427